000 00508nam a22001817a 4500
005 20161230113840.0
010 _aENG-116775
020 _a9789382711056
_c245.00
035 _aEN-100307
037 _bDBAD/PUB
082 _a954.0841
100 _aAnuj Dhar
245 _aNo secrets
_bby Anuj Dhar
260 _aNew Delhi
_bVitasta Publishing
_c2013
270 _a2/15,Ansari Road,Daryaganj
_bNew Delhi
_e110002
300 _a233p. :
_bill
_c20cm(pbk)
942 _2ddc
_cEN
_h954.0841
_mANU
999 _c105045
_d105045